000 00792nam a2200169 a 4500
008 081119s1969 ||||||||||||||||| || u
050 _aGOV.ZAM(02)
110 _aGovernment of the Republic of Zambia (GRZ)
245 1 0 _aZambian manpower
_cBy the Development Division. Office of the Vice-President
260 _aLusaka
_bGovernment Printer
_c1969
300 _avi, 122p:ill.
350 _a0.00
650 _aLABOR SUPPLY -- ZAMBIA
650 _aHUMAN RESOURCES DEVELOPMENT--ZAMBIA
995 _aSPECIAL COLLECTIONS
_D0.00
_e700861
_FCBU-MAIN LIBRARY (Kitwe)
_H1
_I0.00
_jGOV.ZAM(02)1969/1A
_M1
_UAVAILABLE
_WNov 19, 2008
_y03003155
_ZZambiana Collection
995 _aSPECIAL COLLECTIONS
_e1635
_FCBU-MAIN LIBRARY (Kitwe)
_I0.00
_jGOV.ZAM(02)1969/1B
_M2
_UAVAILABLE
_WSep 18, 2014
_yB1635
_ZZambiana Collection
999 _c83424
_d83424